Name the bad girls who got sent home or got kicked out Quiz Stats

 Plays Quiz not verified by Sporcle

Challenge
Share
Tweet
Embed
Score 0/38 Timer 10:00
0 Plays Today
Info Girl % Correct
Was the first bad girl ever to get sent homeRipsi
91.7%
The 2nd girl ever to get sent homeTy
83.3%
Got called a bad mother cause she didnt know who her baby daddy isPortia
75%
She runs L.A.Natalie
75%
Punched annie in the final episode Kate
75%
First girl to get out on episode 2Morgan
75%
She got kicked out by Lea Brandi
75%
She hit Lea with 1 solid punchKristen
75%
She had a street fight with JulieChristina
75%
She got nicknamed 'The Chin'Natalie
75%
Could/Should have gotten arrestedWhitney
66.7%
Got kicked out by Amber M.Ailea
66.7%
She got banned from ever being shown on oxygenChristina H.
58.3%
Was the first girl to actually get kicked out in season 6Ashley
58.3%
She hit nikki with a lampWilmarie
58.3%
Apperently she works at a pizza hut lolPriscilla
58.3%
She is too classy to hit but she will scratchTasha
58.3%
She was actually tricked into leaving by TiaraCheyenne
58.3%
She beat shelly's ass in the final episodeStasi
58.3%
Info Girl % Correct
She threw a pocket billiard at the girlsJenna
58.3%
She litterally ripped all of some girls hair outCamilla
58.3%
She treated Rima like a rat most of her time on the showErika
58.3%
She fought Rocky over a hot pocket Jennifer
58.3%
She tried to sneak rocky but she still got her ass whoopedAlicia
58.3%
She dated justin bieber i guessMilyn
58.3%
Her booty be bigSarah
58.3%
She almost kicked Janelle in the eyeTeresa
58.3%
Her weave is 30 inchesJanelle
58.3%
She loves Micheal JacksonLinsey
58.3%
She made a sandwitch when she first entered the houseRedd
58.3%
Watch out she is gonna 'lay you out' some dayBritt
58.3%
She got kicked out on the last episode by one of her 'friends'Alex
58.3%
She nicknamed Natalie 'The Chin'Redd
58.3%
She will haunt Jada down with a glockJudi
58.3%
She threw shoes at CamillaJada
58.3%
Her and her twin brought house petsShannon
58.3%
Even if she wears a mask she still looks better then Lauren i guessShannade
58.3%
She wants her children to have a black daddy and she looks good in whiteJelaminah
58.3%

You're not logged in!

Compare scores with friends on all Sporcle quizzes.
Join for Free
OR
Log In

You Might Also Like...

Show Comments

Extras

Created Apr 15, 2016ReportNominate
Tags:girl, home, kicked, sent

Top Quizzes Today


Score Distribution

Your Account Isn't Verified!

In order to create a playlist on Sporcle, you need to verify the email address you used during registration. Go to your Sporcle Settings to finish the process.

Report this User

Report this user for behavior that violates our Community Guidelines.

Details: